000 00596nam a2200217Ia 4500
005 20230111120049.0
008 131103s9999 xx 000 0 und d
020 _a019811819 8
040 _aLoreto College
041 _aEnglish
082 _a821.4
_bMIL-DAR
245 4 _aThe poetical works of John Milton
_b Paradise Lost
_cedited by Helen Darbishire
260 _aOxford
_bClarendon Press
_c1978
300 _axxxv,326 p.
504 _aIncludes Word - List
650 _aEnglish Poetry
651 _aParadise Lost
700 _aDarbishire,Helem,ed.
850 _aLCLIB
942 _cBK
999 _c5694
_d56173